Notes on damar Penak
| Main Author: | |
|---|---|
| Other Authors: | |
| Format: | Book |
| Published: |
Kuala Lumpur :
Forest Department ,
1927
|
| Series: | Malayan forest records; n. 4
|
| Subjects: |
MARC
| LEADER | 00000cam a2200000 7i4500 | ||
|---|---|---|---|
| 001 | 0000001711 | ||
| 005 | 20011101.0 | ||
| 090 | 0 | 0 | |a R633.895 |b BLA 1927 |
| 100 | 1 | 0 | |a BLAIR |h R. W. |
| 245 | 1 | 0 | |a Notes on damar Penak |c R.W. Blair and F.E. Byron |
| 260 | 0 | 0 | |a Kuala Lumpur : |b Forest Department , |c 1927 |
| 300 | |a 12 p. : |b ill. ; |c 27 cm. | ||
| 440 | 0 | 0 | |a Malayan forest records; n. 4 |
| 650 | 0 | 0 | |a Forests and forestry |z Malaysia |
| 650 | 0 | 0 | |a Gums and resins |
| 700 | 0 | 1 | |a Byron |h F. E. |
| 998 | |a JPSM | ||
| 999 | |a 0000002640 |b Monograph |c Reference |e Default branch | ||